| 000 | 01189pab a2200157 454500 | ||
|---|---|---|---|
| 008 | 180718b xxu||||| |||| 00| 0 eng d | ||
| 100 | _aTurner Thomas | ||
| 245 | _aWomen in the Zambian civil service: a case of equal opportunities? | ||
| 362 | _a14(1), Feb 1994, p.79-92 | ||
| 520 | _aThere is a paucity of empirical microlevel studies of women in the formal sector in developing countries. This article attempts to redress this deficit and focuses on the position of women in the Zambian civil service using information from a sample of personnel records. Although women are disproportionately represented in the civil service compared with other areas of the formal economy, the current positions of males and females are significantly different. However, the results of the survey are not easily encompassed in the prevailing theoretical frameworks and, rather surprisingly, it appears that it is age rather than gender that is the crucial explanatory variable. Finally, a number of possible explan | ||
| 650 | _a Civil Service -- Zambia | ||
| 650 | _aWomen in the Civil Service -- Zambia | ||
| 700 | _aO'Connor Pat | ||
| 773 | _aPublic Administration and Development | ||
| 909 | _a27104 | ||
| 999 |
_c27104 _d27104 |
||